000 00645nam a2200241Ia 4500
003 OSt
005 20221005023808.0
006 a|||||r|||| 00| 0
007 ta
008 221004b |||||||| |||| 00| 0 eng d
024 _a20719
037 _bGift, 03/07/2015,
_cTextual
040 _aCRL
_cCRL
_beng
041 _2eng
_aeng
082 _aR4, K1
100 _aLillie William
245 0 _aIntroduction to ethics
260 _aBomaby
_bAllied Publisher Pvt. Ltd. India
_c1967
300 _a342p.
_ccm.
650 _aPHILOSOPHY
942 _hR4, K1
_cTEXL
_2cc
999 _c931827
_d931827